| 000 | 00472nam a2200169Ia 4500 | ||
|---|---|---|---|
| 999 |
_c188 _d188 |
||
| 003 | OSt | ||
| 005 | 20201223153451.0 | ||
| 008 | 190216s9999||||xx |||||||||||||| ||und|| | ||
| 040 | _coclc | ||
| 082 |
_a297.1241 _bBUK/S |
||
| 100 |
_aBukhari, Imam _97831 |
||
| 245 | 0 |
_aSaheehul Bukhari / _cImam Bukhari |
|
| 260 | _bSahithya Pravarthaka Sahakarana Sangam, | ||
| 300 | _a562p | ||
| 650 | _aArabic | ||
| 942 |
_cBK _2ddc _h297.1241 _iBUK/S _k297.1241 _mBUK/S |
||